Entrepreneurship. (Record no. 7520)
[ view plain ]
| 000 -LEADER | |
|---|---|
| fixed length control field | 00576nam a22002177a 4500 |
| 003 - CONTROL NUMBER IDENTIFIER | |
| control field | OSt |
| 005 - DATE AND TIME OF LATEST TRANSACTION | |
| control field | 20251015131159.0 |
| 008 - FIXED-LENGTH DATA ELEMENTS--GENERAL INFORMATION | |
| fixed length control field | 211123b ||||| |||| 00| 0 eng d |
| 020 ## - INTERNATIONAL STANDARD BOOK NUMBER | |
| International Standard Book Number | 9780078029196 |
| 020 ## - INTERNATIONAL STANDARD BOOK NUMBER | |
| International Standard Book Number | 9781121914025 |
| 040 ## - CATALOGING SOURCE | |
| Transcribing agency | DDC |
| 082 ## - DEWEY DECIMAL CLASSIFICATION NUMBER | |
| Classification number | 338.04 .HIS 2013 |
| 100 ## - MAIN ENTRY--PERSONAL NAME | |
| Personal name | Hisrich, Robert; Peters, Michael; Shepherd, Dean |
| 9 (RLIN) | 15389 |
| 245 ## - TITLE STATEMENT | |
| Title | Entrepreneurship. |
| 250 ## - EDITION STATEMENT | |
| Edition statement | 9th ed. |
| 260 ## - PUBLICATION, DISTRIBUTION, ETC. (IMPRINT) | |
| Place of publication, distribution, etc. | New York; |
| Name of publisher, distributor, etc. | Mc Graw Hill, |
| Date of publication, distribution, etc. | 2013 |
| 300 ## - PHYSICAL DESCRIPTION | |
| Extent | vi,638p.; |
| Dimensions | 28cm. |
| 504 ## - BIBLIOGRAPHY, ETC. NOTE | |
| Bibliography, etc | Includes Index. |
| 650 ## - SUBJECT ADDED ENTRY--TOPICAL TERM | |
| Topical term or geographic name as entry element | Entrepreneurship. |
| 9 (RLIN) | 6831 |
| 942 ## - ADDED ENTRY ELEMENTS (KOHA) | |
| Source of classification or shelving scheme | Dewey Decimal Classification |
| Koha item type | Book |
| Withdrawn status | Lost status | Source of classification or shelving scheme | Damaged status | Not for loan | Home library | Current library | Date acquired | Source of acquisition | Inventory number | Total Checkouts | Full call number | Barcode | Date last seen | Koha item type |
|---|---|---|---|---|---|---|---|---|---|---|---|---|---|---|
| Dewey Decimal Classification | Faculty of Management Science Library | Faculty of Management Science Library | 23/11/2021 | Purchase | 15/019 | 338.04 .HIS 2013 | 2021-1838 | 23/11/2021 | Open Shelf | |||||
| Dewey Decimal Classification | Faculty of Management Science Library | Faculty of Management Science Library | 23/11/2021 | Purchase | 15/022 | 338.04 .HIS 2013 | 2021-1839 | 23/11/2021 | Open Shelf | |||||
| Dewey Decimal Classification | Faculty of Management Science Library | Faculty of Management Science Library | 23/11/2021 | Purchase | 15/021 | 338.04 .HIS 2013 | 2021-1840 | 23/11/2021 | Open Shelf | |||||
| Dewey Decimal Classification | Faculty of Management Science Library | Faculty of Management Science Library | 23/11/2021 | Purchase | 15/020 | 338.04 .HIS 2013 | 2021-1841 | 23/11/2021 | Open Shelf | |||||
| Dewey Decimal Classification | Faculty of Management Science Library | Faculty of Management Science Library | 23/11/2021 | Purchase | 15/023 | 338.04 .HIS 2013 | 2021-1842 | 23/11/2021 | Open Shelf |
